Úloha technologie vzdělávání v přípravě budoucích učitelů

Technológia vzdelávania - nový odbor teórie výchovy a vzdelávania. Obsahovo vymedzený jej predmet a jeho nutnosť zaradenia do učebných plánov.

Bibliographic Details
Main Author: Geschwinder, Jan (Author)
Format: Article
Language:Slovak
Subjects:
BZB

MARC

LEADER 00000nab a2200000 a 4500
001 vtls001499235
003 SK-MaSNL
005 20260303212424.0
008 050224s1995 xo 000 0 slo
035 |a SPKCL2024 
040 |a SPKCL  |b slo  |c SNKBUCL  |d ÚIP-SPK(DH)  |e AACR2 
041 |a slo 
044 |a xo  |c SK 
080 |a 371.3:371.64/.69:378.637  |2 1981 
080 |a 37  |2 1981 
100 1 |a Geschwinder, Jan  |4 aut  |9 530375 
245 1 0 |a Úloha technologie vzdělávání v přípravě budoucích učitelů  |c Jan Geschwinder 
520 |a Technológia vzdelávania - nový odbor teórie výchovy a vzdelávania. Obsahovo vymedzený jej predmet a jeho nutnosť zaradenia do učebných plánov. 
655 7 |a BZB  |2 snkbucl  |9 1080216 
773 1 |t Medacta '95 : Zborník z vedeckej konferencie Technológie vzdelávania tretieho tisícročia. Časť 2,  |g VŠPg s. 64-68 
850 |a Slovenská pedagogická knižnica Bratislava 
852 |a SPKCL  |b KIS3GCP  |b 000710000  |n SK 
999 |c 2207300  |d 2209230